000 00596nam a2200229Ia 4500
003 OSt
005 20220924145828.0
006 a|||||r|||| 00| 0
007 ta
008 220923b |||||||| |||| 00| 0 tel d
024 _a330498
037 _cTextual
040 _aARTS
_cARTS
_btel
041 _2tel
_atel
082 _aO152,3M93,2, 35K5
100 _aSankrutyayan Au.
_9220670
245 0 _aVismutha yathrikudu
260 _c1965
650 _aHINDI LITERATURE
_923866
942 _hO152,3M93,2, 35K5
_cTEXL
_2CC
999 _c461317
_d461317